| 000 -LEADER |
| fixed length control field |
00515cam a22001457a 4500 |
| 008 - FIXED-LENGTH DATA ELEMENTS--GENERAL INFORMATION |
| fixed length control field |
180718b1972 xxu||||| |||| 00| 0 eng d |
| 082 ## - DEWEY DECIMAL CLASSIFICATION NUMBER |
| Classification number |
T000 R732 |
| 245 ## - TITLE STATEMENT |
| Title |
Shaping the future: a discuttion at the Noble conference |
| Statement of responsibility, etc. |
edited by John D. Roslansky |
| 260 ## - PUBLICATION, DISTRIBUTION, ETC. |
| Place of publication, distribution, etc. |
Amsterdam |
| Name of publisher, distributor, etc. |
North-Holland Pub. |
| Date of publication, distribution, etc. |
1972 |
| 300 ## - PHYSICAL DESCRIPTION |
| Extent |
101p. |
| 500 ## - GENERAL NOTE |
| General note |
Conference organised by Gustavus Adophus College, St. Peter, Minnesota, 1971; F1.24.00 |
| 650 ## - SUBJECT ADDED ENTRY--TOPICAL TERM |
| Topical term or geographic name entry element |
Futurology |
| 650 ## - SUBJECT ADDED ENTRY--TOPICAL TERM |
| Topical term or geographic name entry element |
Economic Planning |
| 700 ## - ADDED ENTRY--PERSONAL NAME |
| Personal name |
Roslansky, John D., ed. |